Estadísticas para Los fichajes más caros del fútbol - Mediocentros

Haz click aquí para intentar la prueba.

Estadísticas generales

  • Esta prueba ha sido intentada 29 veces
  • La puntuación promedio es 10 de 13

Estadísticas de respuestas

Coste (M €)TemporadaNacionalidadÚltimo clubNuevo clubJugador% Correcto
121,002022-2023ArgentinaBenficaChelseaEnzo Fernández
100%
86,002019-2020Países BajosAjaxFC BarcelonaFrenkie de Jong
100%
105,002016-2017FranciaJuventusManchester UnitedPaul Pogba
100%
45,002023-2024ItaliaPSGAl-Arabi SCMarco Verratti
86%
45,002019-2020CroaciaReal MadridChelseaMateo Kovacic
86%
60,002020-2021Bosnia ed ErzegovinaJuventusFC BarcelonaMiralem Pjanic
86%
59,002018-2019BrasilShakhtar D.Manchester UnitedFred
72%
60,002018-2019GuineaRB LeipzigLiverpoolNaby Keïta
72%
70,002023-2024HungríaRB LeipzigLiverpoolDominik Szoboszlai
66%
62,002023-2024Brasil / PortugalWolverhamptonManchester CityMatheus Nunes
62%
45,002022-2023Brasil / PortugalSporting LisboaWolverhamptonMatheus Nunes
62%
62,002019-2020FranciaLyonTottenhamTanguy Ndombélé
59%
45,002019-2020BélgicaMónacoLeicester CityYouri Tielemans
52%

Distribución de puntuación

Porcentaje por número respondido

Porcentaje de gente con cada puntuación

Historial de tus puntuaciones

No has intentado esta prueba.